[Event "Reggio Emilia 9495 37th"]
[Site "Reggio Emilia"]
[Date "1994.??.??"]
[Round "11"]
[White "Chernin, Alexander"]
[Black "Godena, Michele"]
[Result "1-0"]
[WhiteElo "2615"]
[BlackElo "2485"]
[Annotator "Ftacnik,L"]
[PlyCount "99"]
[EventDate "1994.12.??"]
[EventType "tourn"]
[EventRounds "11"]
[EventCountry "ITA"]
[EventCategory "10"]
[SourceTitle "CBM 045"]
[Source "ChessBase"]
[SourceDate "1995.04.01"]
[SourceVersion "1"]
[SourceVersionDate "1995.04.01"]
[SourceQuality "1"]

1. c4 e6 2. g3 d5 3. Bg2 Nf6 4. Nf3 c5 5. cxd5 exd5 6. d4 Nc6 7. O-O Be7 8. Nc3
O-O 9. Bg5 c4 10. Ne5 Be6 11. b3 Rc8 (11... cxb3 12. Nxc6 bxc6 13. axb3 Qd7 14.
Na4 Bh3 15. Bxf6 Bxf6 16. Nc5 $16 {Vilela,J-Garcia,P/Cuba ch/1978/}) (11... Qa5
12. Bd2 Bb4 13. Nxc6 bxc6 14. Qc2 Rab8 15. Rfd1 c5 16. bxc4 cxd4 17. Nxd5 Nxd5
18. cxd5 Bxd5 19. a3 Bxd2 20. Qxd2 Qxd2 21. Rxd2 Bc4 22. Rc1 Bb5 23. Bf3 Rfd8
24. Rb1 {Yakovich,Y-Nenashev,A/Vladivostok (07)/1994/0.5 (46)}) 12. e3 (12.
bxc4 dxc4 13. Nxc6 bxc6 14. Qd2 h6 15. Bxf6 Bxf6 16. Rfd1 Qd7 17. Rac1 Rfd8 18.
e3 Bd5 19. Qe2 Be7 20. Rb1 Be6 21. Qc2 a5 22. Na4 Rb8 23. Nb6 Qa7 24. Nxc4 $16
{Yakovich,Y-Monin,N/St.Petersburg op/1993/1-0 (38)}) 12... Qa5 13. Nxc6 Rxc6 $6
(13... bxc6 14. Qc2 $13) 14. bxc4 $5 Rxc4 (14... Qxc3 15. Bxf6 Bxf6 16. cxd5
Bxd5 17. Bxd5 $16) 15. Ne2 Bd7 (15... Rfc8 16. Nf4 $14) 16. Nf4 Bc6 17. Nh5 $1
Qd8 (17... Nxh5 18. Bxe7 Re8 19. Bh4 $1 g6 20. g4 Ng7 21. Bf6 $16) 18. Bxf6
Bxf6 19. Qf3 Bg5 (19... Be7 20. Nf4 Qd7 21. Nxd5 $16) 20. h4 Bh6 21. Rfc1 Qd6 (
21... Rxc1+ 22. Rxc1 Qa5 23. Rc2 $14) 22. g4 f6 23. Qg3 $1 Qxg3 (23... Qe7 24.
Rxc4 dxc4 25. Bxc6 bxc6 26. Rc1 $16) 24. Nxg3 Rxc1+ (24... b5 25. Nf5 $16) 25.
Rxc1 g6 26. Bf1 Rd8 27. Rb1 $1 Bf8 (27... a6 28. Kg2 $16) 28. Bb5 Bd6 (28...
Bxb5 $6 29. Rxb5 b6 30. Ne2 {xd5}) 29. Ne2 Rb8 (29... a6 $2 30. Bxc6 bxc6 31.
Rb6 $16) 30. Nc3 Kf7 31. Ba4 $5 Ke6 (31... Bxa4 32. Nxa4 Ke6 $14) 32. Bb3 Bb4 (
32... a6 33. e4 $16) (32... f5 33. f3 fxg4 34. fxg4 Kd7 35. Bxd5 $16) 33. Nxd5
$1 Bxd5 (33... Bd6 34. Nc3+ Ke7 35. Bd5 $18) 34. Bxd5+ Kxd5 35. Rxb4 b5 36. f3
f5 37. Kf2 a5 38. Rb2 b4 39. Ke2 a4 (39... Kc4 40. Rc2+ Kb5 41. gxf5 gxf5 42.
Kd3 $16) 40. Kd3 a3 41. Rb3 fxg4 42. fxg4 h5 43. e4+ Kc6 44. gxh5 Kb5 (44...
gxh5 45. Kc4 $18) 45. hxg6 Rh8 46. Rb1 Rxh4 47. Rg1 Rh3+ 48. Kc2 b3+ 49. axb3
a2 (49... Rh2+ 50. Kb1 $18) 50. Kb2 1-0

[Event "UKR-ch"]
[Site "Simferopol"]
[Date "1990.??.??"]
[Round "?"]
[White "Huzman, Alexander"]
[Black "Stripunsky, Alexander"]
[Result "1-0"]
[WhiteElo "2475"]
[BlackElo "2310"]
[Annotator "Ftacnik,L"]
[PlyCount "81"]
[EventDate "1990.??.??"]
[EventType "tourn"]
[EventRounds "11"]
[EventCountry "URS"]
[EventCategory "6"]
[SourceTitle "CBM 021"]
[Source "ChessBase"]
[SourceDate "1991.04.01"]
[SourceVersion "1"]
[SourceVersionDate "1991.04.01"]
[SourceQuality "1"]

1. d4 d5 2. c4 e6 3. Nc3 c5 4. cxd5 exd5 5. Nf3 Nc6 6. g3 Nf6 7. Bg2 Be7 8. O-O
O-O 9. Bg5 Be6 10. dxc5 Bxc5 11. Bxf6 Qxf6 12. Nxd5 Qxb2 13. Nc7 Rad8 14. Qc1
Qxc1 15. Raxc1 b6 16. Nxe6 fxe6 17. e3 h6 18. Rc4 Rd6 19. Re4 Rf5 (19... Rfd8
20. h4 Kf7 $14) 20. h4 Kf7 21. Kh2 Ke7 22. g4 $1 Rf8 (22... Rfd5 23. g5 Rd1 24.
Rxd1 Rxd1 25. Bh3 Nd8 $14) 23. g5 Rd5 $6 24. Bh3 $1 Rd6 (24... Rxf3 25. Rxe6+
Kd7 (25... Kf8 26. Rxc6 hxg5 27. Bg2 $18) 26. Rg6+ (26. Bg4 Rf8 27. Rg6+ Kc7
28. Rxg7+ Kb8 29. gxh6 $36) 26... Rxh3+ $8 27. Kxh3 Bf8 28. gxh6 gxh6 29. Rf6
$16) 25. Kg3 Re8 26. Rc1 Kd8 27. Rcc4 a5 (27... Na5 28. Rc2 $14) 28. a4 Kd7 29.
Rc1 Rd5 30. Bf1 $1 Re7 31. Bb5 Kc7 (31... Kd6 32. Bc4 Rf5 33. Rd1+ $18) 32. Nd4
$1 Nd8 $8 33. Bc4 Bd6+ (33... Rd6 34. Nb5+ $18) 34. Kg4 Rc5 35. Rd1 $1 hxg5 36.
hxg5 (36. Nb5+ Rxb5 37. Bxb5 gxh4 $16) 36... Kc8 37. Nxe6 Nxe6 38. Rxd6 Rxg5+
39. Kh4 Rg6 40. Rdxe6 Rh6+ 41. Kg5 {Ftacnik,L} (41. Rxh6 $2 Rxe4+ 42. Kg5 Rxc4
43. Rxb6 Rxa4 $14) 1-0

[Event "RUS-chT 09th Group1"]
[Site "Ekaterinburg"]
[Date "2002.05.19"]
[Round "3"]
[White "Iskusnyh, Sergei"]
[Black "Lastin, Alexander"]
[Result "0-1"]
[WhiteElo "2475"]
[BlackElo "2619"]
[Annotator "Ftacnik,L"]
[PlyCount "56"]
[EventDate "2002.05.17"]
[EventType "team-tourn"]
[EventRounds "7"]
[EventCountry "RUS"]
[SourceTitle "CBM 090"]
[Source "ChessBase"]
[SourceDate "2002.09.20"]
[SourceVersion "1"]
[SourceVersionDate "2002.09.20"]
[SourceQuality "1"]
[WhiteTeam "Novokuznetsk"]
[BlackTeam "Tyumen Gazovik"]
[WhiteTeamCountry "RUS"]
[BlackTeamCountry "RUS"]

1. d4 d5 2. c4 e6 3. Nf3 c5 4. cxd5 exd5 5. g3 Nc6 6. Bg2 Nf6 7. O-O Be7 8. Nc3
O-O 9. Bg5 cxd4 10. Nxd4 h6 11. Be3 Re8 12. Qc2 Bg4 13. Rfd1 Qd7 14. Nxc6 (14.
Rac1 Bf8 (14... Rac8 15. Nb3 Bd6 16. Rd2 Be5 17. Qd1 Bxc3 18. Rxc3 Rcd8 19. f3
Bh3 20. Bf2 Bxg2 21. Kxg2 Qe7 22. Nd4 {1-0 Brglez,R-Jelen,I/SLO 1993/ (33)}) (
14... Nb4 15. Qb3 a5 16. Na4 Ra6 17. a3 Nc6 18. Nb6 a4 19. Nxd7 axb3 20. Nxf6+
Bxf6 21. Bxd5 Nxd4 22. Bxd4 Bxe2 {1/2-1/2 Kas Fromm,R-Gruenenwald,E/Weilburg
1999/ (71)}) 15. Qb1 Bh3 16. Nb3 Bxg2 17. Kxg2 Rad8 18. Bd4 Ne4 19. Nxe4 Rxe4
20. e3 h5 21. Bc5 Be7 22. Qxe4 dxe4 23. Rxd7 Rxd7 24. Bxe7 Rxe7 {0-1 Cvetkovic,
S-Nun,J/Stary Smokovec 1983/ (65)}) (14. Nb3 Be6 (14... Rac8 15. a3 Qe6 16. Qd3
Nd7 {1/2-1/2 Burmakin,V-Akobian,V/Moscow/2000/ (16)}) 15. Rac1 (15. Nc5 Bxc5
16. Bxc5 b6 17. Bd4 Nxd4 18. Rxd4 Qe7 19. Qd3 Rac8 20. Rd1 Rc4 21. e3 Qb4 22.
b3 Rxd4 23. Qxd4 Qxd4 24. exd4 Rc8 {1/2-1/2 Neumann,P-Orsag,M/Klatovy 2000/ 
(32)}) 15... Rad8 16. Nc5 Bxc5 17. Bxc5 d4 18. Nb5 Nb4 19. Qa4 Nxa2 20. Rxd4
Nxc1 21. Rxd7 Nxe2+ 22. Kf1 Bxd7 23. Bf3 a6 24. Kg2 Bxb5 25. Qh4 Rd1 26. Bxb7
Rg1+ 27. Kf3 g5 {0-1 Sandstrom,L-Breutigam,M/Berlin West 1985/ (27)}) 14...
bxc6 15. Rd2 (15. Bd4 Qe6 16. Rac1 Bf5 17. Qd2 $11) 15... Qe6 16. Rc1 {White
can not claim any advantage, but his pieces are gathering on the central files.
} Bf5 17. Qa4 (17. Qd1 Bh3 18. Bh1 a5 $11) 17... Rab8 18. Bd4 (18. Qxa7 Ra8 19.
Qc7 (19. Qd4 c5 20. Qf4 g5 21. Qc7 d4 $17) 19... Rec8 20. Qb6 Rcb8 $11) 18...
Nd7 19. e4 $5 {Original way to breathe new life into white pieces, the pawn
will be won back easily.} (19. Qxa7 $2 Ra8 20. Qc7 Rec8 21. Qb7 Rcb8 22. Qc7
Bd8 23. Qf4 Bg5 $19) 19... dxe4 20. Ne2 (20. Re1 c5 21. Be3 Nb6 22. Qxa7 Nc4
23. Rde2 $11) 20... Bb4 (20... Nb6 21. Qxc6 Bg5 22. Qxe6 Bxe6 23. Nf4 Nd5 $15)
(20... c5 21. Nf4 Qb6 22. Nd5 Qd8 23. Be3 $11) 21. Rxc6 (21. Rdd1 c5 22. Nf4
Qe7 23. Nd5 Qd8 $17) 21... Qe7 (21... Bxd2 $6 22. Rxe6 Bxe6 23. Bxg7 Kxg7 24.
Qd4+ Nf6 25. Qxd2 Bxa2 $14) 22. Nc3 $6 (22. Rd1 Nc5 23. Qc2 Rec8 $11) 22... Nc5
23. Bxc5 (23. Qd1 Nd3 24. Be3 Red8 $15) 23... Bxc5 24. Nd5 $2 {[%mdl 8192]
This move will prove to be surpisingly clumsy, white pieces lack proper
coordination.} (24. Bxe4 Bd7 $15) 24... Qg5 $1 25. Rc2 (25. Qa5 Bb4 26. Nxb4
Qxd2 27. Qxf5 e3 28. fxe3 Qxe3+ 29. Kh1 Rxb4 $19) (25. Rxc5 Qxd2 26. Nf6+ gxf6
27. Rxf5 e3 $19) 25... e3 26. fxe3 (26. R6xc5 Bxc2 27. Rxc2 e2 $19) (26. R2xc5
exf2+ 27. Kxf2 Qd2+ 28. Kg1 Re1+ 29. Bf1 Rxf1+ 30. Kxf1 Bh3+ 31. Kg1 Qg2#)
26... Bxc2 27. Qxc2 Bxe3+ 28. Kh1 Bd4 0-1

[Event "FRA-ch Final stage"]
[Site "Besancon"]
[Date "1999.08.24"]
[Round "1.2"]
[White "Lautier, Joel"]
[Black "Koch, Jean Rene"]
[Result "1-0"]
[WhiteElo "2638"]
[BlackElo "2510"]
[Annotator "Ftacnik,L"]
[PlyCount "113"]
[EventDate "1999.08.23"]
[EventType "k.o."]
[EventRounds "2"]
[EventCountry "FRA"]
[SourceTitle "CBM 073"]
[Source "ChessBase"]
[SourceDate "1999.12.01"]
[SourceVersion "1"]
[SourceVersionDate "1999.12.01"]
[SourceQuality "1"]

1. d4 d5 2. c4 e6 3. Nc3 c5 4. cxd5 exd5 5. Nf3 Nc6 6. g3 Nf6 7. Bg2 Be7 8. O-O
O-O 9. Bg5 c4 10. Ne5 Be6 11. e3 Nd7 12. Nxc6 bxc6 13. Bxe7 Qxe7 14. b3 cxb3 (
14... Nb6 15. Qc2 (15. bxc4 Nxc4 16. Na4 (16. Qa4 Nb6 17. Qa6 Bf5 18. a4 Qd6
19. e4 Bc8 20. Qd3 a5 21. Rfb1 Ba6 22. Qf3) 16... Rab8 17. Nc5 Rb2 18. Nd3 Rd2
19. Qb3 Bg4 20. Rfe1 Qf6 21. Rac1 g5 22. Bf1 Bf5) (15. Re1 Qb4 16. Qc2 Rac8 17.
Rab1 cxb3 18. Rxb3 Qa5 19. Rc1 Nc4 20. Bf1 Nd6 21. Bd3 c5 22. Bxh7+ Kh8 23. Qb1
) (15. Qe2 Rab8 16. Rfc1 Rfc8 17. Rab1 Qa3 18. Qc2 g6 19. bxc4 Nxc4 20. Na4 Rb5
21. Nc5 Rcb8 22. Rb3 Rxb3 23. axb3) 15... f5 (15... Rfc8 16. Ne2 a5 17. Rfc1 g6
18. bxc4 Nxc4 19. Nf4 Bf5 20. Qc3 a4 21. Bf1 Nd6 22. Nd3 Ne4 23. Qb4 Qf6 24. h4
g5 25. hxg5 Nxg5) (15... Rab8 16. Rfc1 Rfc8 17. bxc4 Nxc4 18. Na4 Rb4 19. Nc5
Rb2 20. Qc3 Qf6 21. Nd3 Rb6 22. Rab1 Bf5 23. Rb3) (15... Qf6 16. Rfc1 (16. bxc4
Nxc4 17. Na4 Rab8 18. Qc3 h5 19. Rfb1 h4 20. Nc5 Rb6 21. Rb3) 16... Rab8 17.
Bf1 Bf5 18. Qd1 Rfe8 19. Nb1 c5 20. Na3 cxd4 21. Qxd4 Qxd4 22. exd4 Red8 23.
bxc4 dxc4 24. Nxc4 Rxd4) 16. Rfc1 g5 17. bxc4 Nxc4 18. Na4 f4 19. e4 Rab8 20.
Qe2 Qf7 21. Nc5 fxg3 22. hxg3 Rb2) 15. axb3 (15. Qxb3 Rab8 16. Qc2 Rb4 17. a3
Rb7 18. Na4 Rc8 19. Rfc1 c5 20. e4 dxe4 21. Bxe4 Bb3 22. Qd3 c4 23. Qf3 Rbb8
24. Nc3 Nf6) 15... Qb4 (15... Bf5 16. Na4 Rfc8 17. Qd2 h5 18. Rfc1 h4 19. Rc3
Nf6 20. Nc5 g6 21. f3 hxg3 22. hxg3 Kg7 23. e4 Be6 24. e5 Nd7 25. Kf2) 16. Qc2
Rfb8 17. Rfb1 g6 18. Ra4 Qb6 19. Qa2 Bf5 (19... Nf6 20. Ra6 Qb7 21. Ra1) 20.
Rb2 Bd3 21. Rd2 Bf5 22. b4 Qc7 (22... Nf6 23. Ra6 Qxb4 (23... Qb7 24. b5) 24.
Rxc6) (22... a6 23. Bf1) 23. Rd1 Qd6 (23... Nb6 24. Ra5 Be6 25. Ra1) 24. b5
cxb5 (24... c5 25. Ra6 Rb6 26. Bxd5) 25. Ra5 Be6 (25... b4 26. Nxd5 b3 27. Qb2)
26. Nxb5 Qb6 (26... Qc6 27. Nxa7 Qb7 28. Rc1) 27. Nc3 (27. Nxa7 Nf6 28. Ra1 Ne4
) 27... Nf6 28. Nxd5 Nxd5 29. Bxd5 Bxd5 30. Qxd5 Rd8 (30... a6 31. Rda1) 31.
Qa2 Rd7 32. Ra1 (32. Rb1 Qd6 33. Ra6) 32... Qb7 33. Rc1 Rd6 34. Qa3 Rd7 (34...
Qd7 35. Rac5) 35. Qc5 Rad8 36. Qc6 Qb4 (36... Qxc6 37. Rxc6 Re7 38. Rca6 Rdd7
39. Kf1) 37. Rca1 Qb6 38. Qxb6 axb6 39. Rb5 Rb7 (39... Rd6 40. Rab1 Rb8 41. Kf1
) 40. Rab1 Rd6 41. Kf1 f5 42. Ke2 Rc6 43. R1b2 (43. Kd3 Rbc7) 43... Kf7 44. Kd3
Rf6 (44... Rd6 45. f3 Ke7 46. e4) 45. f3 h5 46. d5 (46. e4 fxe4+ 47. fxe4 Rf3+
48. Kc4 Rc7+ 49. Kd5 Rd7+) 46... g5 47. e4 fxe4+ 48. fxe4 h4 (48... Rf3+ 49.
Kd4) 49. Kd4 h3 (49... hxg3 50. hxg3 Rf3 51. R2b3) 50. e5 Rf1 51. Rb1 Rxb1 (
51... Rf2 52. R5b2) 52. Rxb1 Ra7 (52... b5 53. e6+ Ke7 54. Ke5 Rb6 55. Rf1) 53.
e6+ Ke7 (53... Kf6 54. Rf1+) 54. Ke5 Ra2 55. d6+ Kf8 56. Rf1+ Kg7 (56... Ke8
57. d7+) 57. d7 1-0

[Event "Lippstadt 11th"]
[Site "Lippstadt"]
[Date "2003.08.12"]
[Round "6"]
[White "Ruck, Robert"]
[Black "Wehmeier, Stefan"]
[Result "1-0"]
[WhiteElo "2550"]
[BlackElo "2350"]
[Annotator "Ftacnik,L"]
[PlyCount "95"]
[EventDate "2003.08.07"]
[EventType "tourn"]
[EventRounds "11"]
[EventCountry "GER"]
[EventCategory "9"]
[SourceTitle "CBM 097"]
[Source "ChessBase"]
[SourceDate "2003.11.11"]
[SourceVersion "1"]
[SourceVersionDate "2003.11.11"]
[SourceQuality "1"]

1. c4 e6 2. Nc3 d5 3. d4 c5 4. cxd5 exd5 5. Nf3 Nc6 6. g3 Nf6 7. Bg2 Be7 8. O-O
O-O 9. b3 Ne4 10. Bb2 Bf6 11. Na4 b5 12. Nxc5 Nxc5 13. Rc1 Nxb3 14. Qxb3 Na5
15. Qxb5 Be6 16. Bc3 Nc4 17. Ne5 Bxe5 {This line is surprisingly often played
by black, he can claim only modest compensation for the missing pawn.} (17...
Nd6 18. Qa4 Bxe5 19. dxe5 Ne4 20. Bd4 Qg5 21. f3 Nxg3 22. hxg3 Qxg3 23. e3 {
1-0 Rubinetti,J-Fraile,J/Buenos Aires 1972/ (23)}) 18. dxe5 Qb6 19. Qa4 (19.
Qxb6 axb6 20. Ra1 Rfc8 $14) (19. Qb1 $1 Qxb1 20. Rxb1 Rfc8 21. Rfc1 $16) 19...
Rac8 20. e3 a5 21. Rfd1 h5 (21... Qc5 22. Bd4 Qe7 23. e4 dxe4 24. Bxe4 $16) 22.
Bd4 Qb8 23. Qb3 $6 {Ruck doesn't feel the danger and black will get excellent
counterchances in the endgame.} (23. Rc3 Nxe5 24. Rxc8 Rxc8 25. Qxa5 $16) 23...
Qxb3 (23... Qb4 24. Rb1 $16) 24. axb3 Nd2 $1 25. Rc3 (25. Ra1 Nxb3 26. Ra3 Nxd4
27. exd4 Ra8 28. Rda1 Rfb8 $14) (25. Rxc8 Rxc8 26. Rxd2 $2 Rc1+ 27. Bf1 Bh3 $19
) 25... Rxc3 26. Bxc3 Nxb3 27. Bxd5 Bxd5 $6 (27... Rc8 $1 28. Bb2 Bxd5 29. Rxd5
Rc2 30. Ba3 Ra2 31. Rd8+ Kh7 32. Bf8 Nd2 $11) 28. Rxd5 a4 29. Rd7 Ra8 $2 {
Wehmeier is not getting the best of his position; "a" pawn is dagerous, but
white has his chances too.} (29... Rc8 30. e6 fxe6 31. Rxg7+ Kf8 32. Be5 Rc5
33. Bf6 (33. Rg5 Rxe5 34. Rxe5 a3 35. Rxe6 a2 36. Ra6 a1=Q+ 37. Rxa1 Nxa1 38.
Kg2 $16) 33... Rf5 34. Bb2 $14) 30. e6 $1 fxe6 31. Rxg7+ Kf8 32. Rh7 Ra6 33.
Kf1 a3 (33... Nc1 34. Ke1 a3 35. Kd2 Na2 36. Be5 $16) 34. Rb7 Nc1 (34... a2 35.
Rxb3 a1=Q+ 36. Bxa1 Rxa1+ 37. Kg2 $18) 35. Rb1 Na2 (35... Nd3 36. Ke2 a2 37.
Ra1 $18) 36. Bd2 {The knight is locked and blocking his own passed pawn.} Rc6
37. Rb3 Ra6 38. h4 Kf7 39. Ke1 Kg6 40. Kd1 Kf5 41. f3 Nc1 42. Bxc1 a2 43. e4+
Kg6 44. Bb2 a1=Q+ 45. Bxa1 Rxa1+ 46. Ke2 Ra2+ 47. Ke3 e5 48. f4 1-0

[Event "YUG-ch 56th"]
[Site "Herceg Novi"]
[Date "2001.04.01"]
[Round "9"]
[White "Tadic, Branko"]
[Black "Todorovic, Goran M"]
[Result "1-0"]
[WhiteElo "2407"]
[BlackElo "2485"]
[Annotator "Ftacnik,L"]
[PlyCount "71"]
[EventDate "2001.03.23"]
[EventType "tourn"]
[EventRounds "15"]
[EventCountry "YUG"]
[EventCategory "10"]
[SourceTitle "CBM 083"]
[Source "ChessBase"]
[SourceDate "2001.07.05"]
[SourceVersion "1"]
[SourceVersionDate "2001.07.05"]
[SourceQuality "1"]

1. Nf3 {Hecht} d5 2. d4 e6 3. c4 c5 4. cxd5 exd5 5. g3 Nf6 6. Bg2 Be7 7. Nc3
Nc6 8. O-O O-O 9. b3 Ne4 10. Bb2 Bf6 11. Na4 b6 12. dxc5 Bxb2 13. Nxb2 bxc5 14.
Na4 Ba6 15. Rc1 Re8 16. Re1 c4 17. Nd2 Qf6 18. Nxe4 dxe4 19. Nc3 $5 (19. Nc5
Rad8 20. Qc2 Nd4 21. Qb1 cxb3 22. Nxe4 Qg6 23. Kh1 (23. Nc3 Qxb1 24. Rxb1 bxa2
25. Nxa2 Bxe2 26. Kh1 g6 {0-1 Kleeschaetzky,R-Blauert,J/Germany 1996/GER-chT2 
(57)}) 23... bxa2 24. Qxa2 Rxe4 25. Bxe4 Qxe4+ 26. f3 Qe6 27. Qa5 Re8 28. Qd2
Nb3 {0-1 Frombach,R-Waldschmidt,G/Ruhrgebiet/1998/ (28)}) (19. bxc4 Rad8 $13)
19... cxb3 $2 {The first independent move is just false as white can benefit
from the vulnerable position of Ba6 and Nc6.} (19... Rad8 20. Nd5 Qb2 21. Rc2
Qe5 22. bxc4 Nd4 23. Rd2 (23. Rc1 Bxc4 24. Rxc4 Qxd5 25. Qa4 {1-0 Panchenko,
A-Ginsburg,G/Simferopol 1990/CBM 21 (78)}) 23... Bxc4 24. Rxd4 Rxd5 25. Rxd5
Bxd5 26. Qa4 {1-0 Boensch,U-Jelen,I/Portoroz 1987/CBM 05 (45)}) 20. Nxe4 Qh6 (
20... Qg6 21. Nd6 Rad8 22. Rxc6 Bb5 23. Nxb5 Rxd1 24. Rxd1 $18) 21. Qd2 (21.
Nd6 Ne5 (21... Bxe2 22. Qd5 Rf8 23. Rxc6 $18) 22. Nxe8 Rxe8 23. axb3 $18) 21...
Qxd2 (21... Re6 22. Qxh6 Rxh6 23. axb3 $16) 22. Nxd2 Nd4 (22... b2 23. Rxc6
Rxe2 24. Rxe2 Bxe2 25. Rc7 Rb8 26. Bd5 b1=Q+ 27. Nxb1 Rxb1+ 28. Kg2 g5 29. Rxf7
$18) 23. Bxa8 Rxa8 (23... Nxe2+ 24. Rxe2 Bxe2 25. Bc6 b2 26. Rb1 Rb8 27. Nb3
$18) 24. Rc7 {Tadic hopes to achieve more than just a healthy spare pawn after
24.e3.} (24. e3 Ne2+ 25. Rxe2 Bxe2 26. Nxb3 $16) 24... bxa2 25. e3 $1 Ne2+ (
25... Nb5 26. Rc2 $18) 26. Kg2 Rd8 27. Rxa7 g5 28. Rxa6 Rxd2 {Hecht: '[#]
Schwarz gelingt es nicht, den weißen König auszusperren und eine Art Festung
rund um den Ba2 aufzubauen.'} 29. Ra3 (29. Ra1 Nc3 30. Ra3 Rc2 31. Rxc3 Rxc3
32. Rxa2 $16) 29... Rc2 (29... g4 30. Ra1 $18) 30. Kf3 f5 {Hecht: 'Schwächt
die Bauernstruktur, ohne etwas zu erreichen. Taktisch interessant war Sc3.'} (
30... Nc3 31. e4 (31. Ra1 {Hecht} f5 32. g4 fxg4+ 33. Kxg4 h6 34. h4 gxh4 35.
Kxh4 $18) 31... Kg7 (31... Nb1 32. Ra8+ Kg7 33. Re2 g4+ (33... Na3 $1 {Hecht}
34. Rxa3 g4+ $1 (34... Rc3+ {Hecht} 35. Re3 $18) 35. Kxg4 Rxe2 36. Kf3 Rb2 37.
Ra6 Rb3+ (37... h5 $5 {Hecht} 38. h4 $16 {[%cal Gf3e3,Gf2f3,Ge3f4]}) 38. Kg2
Rb2 39. g4 f6 40. h4 Re2 41. Kf3 Rb2 42. Kg3 Re2 43. f3 Kf7 44. Kf4 Rb2 45. g5
$18) 34. Ke3 Na3 35. Rxa3 Rc3+ 36. Rxc3 a1=Q 37. Rec2 $16 Qd1 38. Kf4 Kg6 $13)
32. Ke3 Nb1 33. Ra5 Rc3+ 34. Kd4 Rc2 35. Rxg5+ Kf6 36. Ra5 Rxf2 37. e5+ $18)
31. g4 {Black does not have a single spare pawn to compensate for the missing
exchange, his survival chances are not good.} (31. Rxe2 $2 g4+ 32. Kf4 Rxe2 33.
Kxf5 Rxf2+ 34. Kxg4 Rxh2 $11) 31... Kf7 32. Ra7+ Kg6 33. gxf5+ Kf6 (33... Kxf5
34. e4+ Ke5 35. Rxe2 $18) 34. Ra6+ Ke5 35. f6 Nc3 36. f7 (36. f7 Ne4 37. Ra5+
$18) 1-0

[Event "URS-sf"]
[Site "Daugavpils"]
[Date "1989.??.??"]
[Round "?"]
[White "Shirov, Alexei"]
[Black "Kupreichik, Viktor D"]
[Result "1-0"]
[WhiteElo "2495"]
[BlackElo "2520"]
[Annotator "Ftacnik,L"]
[PlyCount "97"]
[EventDate "1989.11.??"]
[EventType "tourn"]
[EventRounds "15"]
[EventCountry "URS"]
[EventCategory "9"]
[SourceTitle "CBM 016"]
[Source "ChessBase"]
[SourceDate "1990.06.01"]
[SourceVersion "1"]
[SourceVersionDate "1990.06.01"]
[SourceQuality "1"]

1. d4 d5 2. c4 e6 3. Nc3 c5 4. cxd5 exd5 5. Nf3 Nc6 6. g3 Nf6 7. Bg2 Be7 8. O-O
O-O 9. dxc5 Bxc5 10. Bg5 d4 11. Ne4 Be7 12. Bxf6 Bxf6 13. Rc1 Re8 14. Ne1 Rb8
15. Nd3 Bf5 16. Nec5 Ne5 (16... Qb6 17. Qd2 Rbc8 18. Nf4 Bg5 19. h4 Bh6 $10 {
Kurajica,B-Adianto,U/Indonesia/1983/}) 17. Bxb7 Bxd3 18. exd3 Be7 (18... Rxb7
19. Nxb7 Qd5 20. Nc5 Nf3+ 21. Kh1 Nd2+ 22. Ne4 Nxf1 23. Qxf1 $18) 19. Be4 Rxb2
20. Qa4 Bxc5 21. Rxc5 Qd7 22. Qa5 (22. Qxd7 Nxd7 23. Rc7 Nf6 24. Bc6 Rc2 25.
Rb1 g6 $22 26. Rbb7 Re1+ 27. Kg2 Rec1) 22... Qe6 23. Qxa7 Rxa2 24. Qb7 $14 Re2
25. Qd5 Qf6 26. f4 Ng4 $2 27. Qd7 Qe6 28. Qxe6 fxe6 29. Bf3 $18 Rxh2 30. Bxg4
Rd2 31. Re5 Rxd3 32. Bxe6+ Kf8 33. Kg2 g6 34. f5 gxf5 35. Rfxf5+ Kg7 36. Rf7+
Kg6 37. Rf2 Kg7 38. Rg5+ Kh6 39. Bf5 Kxg5 40. Bxd3 h5 41. Rf5+ Kh6 42. Rf6+ Kg7
43. Rf4 Rd8 44. Kh3 Ra8 45. Kh4 Ra1 46. Kxh5 Rd1 47. Rxd4 Kf6 48. Rf4+ Ke5 49.
Bg6 {Ftacnik} 1-0

[Event "YUG-ch 56th"]
[Site "Herceg Novi"]
[Date "2001.03.30"]
[Round "7"]
[White "Gligoric, Svetozar"]
[Black "Todorovic, Goran M"]
[Result "0-1"]
[WhiteElo "2481"]
[BlackElo "2485"]
[Annotator "Ftacnik,L"]
[PlyCount "60"]
[EventDate "2001.03.23"]
[EventType "tourn"]
[EventRounds "15"]
[EventCountry "YUG"]
[EventCategory "10"]
[SourceTitle "CBM 083"]
[Source "ChessBase"]
[SourceDate "2001.07.05"]
[SourceVersion "1"]
[SourceVersionDate "2001.07.05"]
[SourceQuality "1"]

1. d4 d5 2. Nf3 e6 3. c4 c5 4. cxd5 exd5 5. Nc3 Nc6 6. g3 Nf6 7. Bg2 Be7 8. O-O
O-O 9. Be3 Ng4 10. Bf4 Be6 11. h3 Nf6 12. dxc5 (12. Rc1 Qd7 13. Kh2 Ne4 14.
dxc5 Nxc3 15. Rxc3 d4 16. Rc1 Bf6 17. b3 h6 18. h4 Rfe8 19. Qd2 a5 {0-1 Pinto,
M-Schiller,E/San Francisco/2000/ (39)}) (12. Na4 cxd4 13. Nxd4 Nxd4 14. Qxd4
Qa5 15. a3 Rac8 16. Rac1 Rfd8 17. Nc3 Rc4 18. Qd3 Rdc8 19. Rfd1 h6 20. Bd2 Qd8
{0-1 Orel,S-Bee,M/Eger/1992/ (39)}) (12. Be3 Ne4 13. dxc5 Nxc3 14. bxc3 Qa5 15.
Qb1 Rfc8 16. Nd4 Qa6 17. a4 Ne5 18. Nxe6 fxe6 19. Bd4 Nc4 20. Qd3 Bxc5 21. e4 {
1-0 Appel,R-Meins,G/Germany/1997/ (30)}) (12. e3 Ne4 13. dxc5 Nxc3 14. bxc3
Bxc5 15. Qb1 Qd7 16. Rd1 Bb6 17. c4 d4 18. c5 Bxc5 19. exd4 {1-0 Beil,
Z-Netusil,M/CZE/1997/ (30)}) 12... Bxc5 13. Rc1 d4 (13... h6 14. a3 a6 15. Na4
Ba7 16. Ne5 Rc8 17. Nxc6 {1/2-1/2 Simic,R-Todorovic,G/Tivat/1995/ (17)}) 14.
Nb5 Bb6 15. Bd6 (15. Ng5 Bxa2 16. b3 h6 17. Nf3 Nd5 $15) 15... Re8 16. Ba3 Ne4
17. Nd2 Nxg3 $5 {Todorovic is not happy with a complete equality after Nxd2,
but his shock treatment is not without risk.} (17... Nxd2 18. Qxd2 Bd5 $11) 18.
fxg3 (18. Re1 Nf5 $19) 18... d3+ (18... Bxh3 19. Bxh3 d3+ 20. e3 Bxe3+ 21. Kh1
Bxd2 22. Qxd2 Qd5+ 23. Bg2 Qh5+ 24. Kg1 Qxb5 25. Rc5 $16) 19. e3 $2 {[%mdl 256]
Gligoric dreams about d3-e2 motives, but his move only fuels opponent's attack.
} (19. Kh2 Bxh3 20. e4 Bxg2 21. Kxg2 Re6 22. Nc3 $16) 19... Qg5 20. Nd6 Bxh3 $1
(20... Bxe3+ 21. Kh2 Bxd2 22. Ne4 Bxc1 23. Nxg5 Bxg5 24. Qxd3 $13) 21. Nxe8 (
21. Bxh3 Qxg3+ 22. Bg2 Bxe3+ 23. Kh1 Qh4+ $19) (21. N2c4 Rxe3 $1 22. Nxe3 Bxe3+
23. Kh2 Bg4 $19) 21... Bxe3+ 22. Kh2 (22. Rf2 Rxe8 $19) 22... Bg4 {White has
lost control of the h file and his king sits in a mating net.} 23. Nf3 (23.
Qxg4 Qxg4 24. Rc4 Qg6 25. Nc7 Rc8 $19) 23... Qh6+ 24. Nh4 Bxd1 25. Nf6+ (25.
Rcxd1 Rxe8 26. Rxd3 Ne5 $19) 25... gxf6 26. Rcxd1 Ne5 27. Bh3 Qh5 28. Be7 Bg5
29. Rg1 Qe2+ 30. Kh1 (30. Bg2 Ng4+ 31. Kh3 Nf2+ $19) 30... Nf3 0-1